Statistics for Longest Years in the Solar System

Click here to take the quiz!

General Stats

  • This quiz has been taken 67 times
  • The average score is 8 of 10

Answer Stats

Length in Earth Years Planet/Moon % Correct
29Saturn
100%
11Jupiter
98%
1Mars
98%
247Pluto
97%
164Neptune
97%
84Uranus
95%
4Ceres
56%
305Makemake
52%
561Eris
45%
281Haumea
37%

Score Distribution

Percentile by Number Answered

Percent of People with Each Score

Your Score History

You have not taken this quiz